The History of Henry Esmond, Esq., A Colonel in the service of Her Majesty Queen Anne. Written by himself. Edited by W. M. Thackeray. Epígrafe en latín y marca de la tipografía

Zapisane w:
Opis bibliograficzny
1. autor: Thackeray, William Makepeace. Calcuta, 1811 - Londres, 1863 (Autor)
Format: Książka
Język:angielski
Wydane: Londres Henry Frowde, O. U. Press 1904
Wydanie:2a. ed
Seria:World's Classics, 28
Hasła przedmiotowe:
Etykiety: Dodaj etykietę
Nie ma etykietki, Dołącz pierwszą etykiete!

MARC

LEADER 00000nam a2200000 a 4500
001 UCJ7973
003 CL-VaPUC
008 070124e19040000UK |||||||||||||||||eng|d
082 0 4 |a 823  |b THA  |2 21 
100 0 |a Thackeray, William Makepeace. Calcuta, 1811 - Londres, 1863  |e author  |9 516555 
245 1 4 |a The History of Henry Esmond, Esq., A Colonel in the service of Her Majesty Queen Anne. Written by himself. Edited by W. M. Thackeray. Epígrafe en latín y marca de la tipografía 
250 |a 2a. ed 
300 |a xiii, 519 p 
942 |c BK 
945 |d 20070124 00:00:00  |a rinostro 
260 |a Londres  |b Henry Frowde, O. U. Press  |c 1904 
600 0 7 |a ESMOND, HENRY  |2 CL-VaPUC  |9 516556 
650 7 |a NOVELA INGLESA  |2 CL-VaPUC  |9 309260 
650 7 |a BIOGRAFIA  |2 CL-VaPUC  |9 504622 
583 |a last modification  |c 20070124 00:00:00  |k Rodrigo Vera 
490 0 |a World's Classics, 28 
999 |c 323833  |d 323831 
952 |0 0  |1 0  |4 0  |6 823_000000000000000_THA_1904  |7 0  |8 X  |9 403654  |a FDOBUD  |b FDOBUD  |d 2019-11-22  |i 1071025  |o 823 THA 1904  |p 1071025  |r 2019-11-22  |w 2019-11-22  |y BK_X  |k BUD